000 00556 a2200169 4500
005 20190806102658.0
008 190613b1980 ag ||||| |||| 00| 0 esp d
020 _a9502002377
040 _aCO-BoUCM
_bspa
_cOscar Ávila (modificó)
_dOscar Ávila (modificó)
041 0 _aspa
100 1 0 _aGordon, Scott
_997272
245 1 0 _aBienestar, justicia y libertad
_cScott Gordon
260 _bAbeledo-perrot
_c1980
_aArgentina
_g1980
650 7 _918464
_aLibertad
942 _cLIBRO
_2DEWEY
_a6
_e1
_h320.011
_mG662b
_n0
999 _c313359
_d313359